00340nam a2200133Ia 4500003000400000008004100004020002300045040000800068100001900076245005700095260002800152300001500180365001100195LDD181029s9999 xx 000 0 und d a8184041209c375.00 cLDD aCampbell, Marc 0aDreamweaver 8 Design and ConstructioncMarc Campbell aNew DelhibShroffc2006 axiv, 295p. b375.00